Elements of elecology / (Record no. 74830)

MARC details
000 -LEADER
fixed length control field 00803nam a22002297a 4500
005 - DATE AND TIME OF LATEST TRANSACTION
control field 20130521150251.0
010 ## - LCCN (DPL NO)
LC control number B-519529-530
020 ## - INTERNATIONAL STANDARD BOOK NUMBER
International Standard Book Number 9788131715574
Terms of availability 785.00
035 ## - SYSTEM CONTROL NUMBER
System control number B-519529-530
037 ## - SOURCE OF ACQUISITION
Source of stock number/acquisition KBD/Ven
082 ## - DEWEY DECIMAL CLASSIFICATION NUMBER
Classification number 577
100 ## - MAIN ENTRY--PERSONAL NAME
Personal name Smith.Thomas M
245 ## - TITLE STATEMENT
Title Elements of elecology /
Statement of responsibility, etc by Smith.Thomas M.
250 ## - EDITION STATEMENT
Edition statement 6th ed.
260 ## - PUBLICATION, DISTRIBUTION, ETC. (IMPRINT)
Place of publication, distribution, etc New Delhi
Name of publisher, distributor, etc Pearson Education
Date of publication, distribution, etc 2011
270 ## - ADDRESS
Address 11,Community Centre, Panchsheel Park
City New Delhi
Postal code 110017
300 ## - PHYSICAL DESCRIPTION
Extent xxiv,6 58p.
Dimensions 26cm(pbk)
500 ## - GENERAL NOTE
General note Includes index
700 ## - ADDED ENTRY--PERSONAL NAME
Dates associated with a name Smith.Robert Leo
942 ## - ADDED ENTRY ELEMENTS (KOHA)
Source of classification or shelving scheme Dewey Decimal Classification
Item type English Books
Classification part 577
Call number suffix SMI
Holdings
Withdrawn status Lost status Not for loan Collection code Home library Current library Date acquired Source of acquisition Cost, normal purchase price Full call number Barcode Copy number Cost, replacement price Koha item type
      Non-fiction Sarojini Nagar Sarojini Nagar 21/05/2013 KBD/BL28/25.3.13/171/25.3.13/28.3.13 785.00 577 SMI B-519529 1 785.00 English Books
      Non-fiction Sarojini Nagar Sarojini Nagar 21/05/2013 KBD/BL28/25.3.13/171/25.3.13/28.3.13 785.00 577 SMI B-519530 1 785.00 English Books

© Delhi Public Library
Hit Counter
free hit counter